| 000 | 00645nam a2200217Ia 4500 | ||
|---|---|---|---|
| 003 | GCL | ||
| 008 | 140319s9999 xx 000 0 ara d | ||
| 040 |
_aGCL / _cGCL |
||
| 082 | 0 | 4 |
_a953.07696 _bب ش |
| 100 | 1 | _aبديع محمد جمعة | |
| 245 | 1 | 0 |
_aالشاه عباس الكبير (996 - 1038 هـ - 1588 - 1629م) / _cبديع محمد جمعة |
| 300 | _a310 ص | ||
| 490 | _a | ||
| 650 | 0 | 4 | _aالعلاقات الخارجية |
| 650 | 0 | 4 | _aخراسان |
| 650 | 0 | 4 | _aايران تاريخ |
| 650 | 0 | 4 | _aالدولة الصفارية |
| 650 | 0 | 4 | _aالشاه عباس الكبير |
| 650 | 0 | 4 | _aقزوين |
| 942 |
_2ddc _cBK |
||
| 999 |
_c39655 _d39655 |
||